LEADER 01344nam a2200217 u 4500 001 000000072413 003 CaOOAMICUS 005 20070226122234.0 008 020617s1867 cu u000 u spa u 035 $a10933587 040 $aPUL(R)$bita 100 1 $aMartínez y Sáez, Jacinto Maria,$cvesc. di La Habana.$0(OLS)http://pul/name/44619 245 10$aCarta pastoral que con motivo de la persecucion suscitada por los malos contra los derechos tmporales y espirituales de vicario de Jesucristo, y para exhortar á los fieles á que contribuyan al sosten de la Santa Sede /$cdirige ... fray Jacinto Maria Martinez y Saez .. 260 $aHabana :$bImprenta y Libreria militar de M. Soler,$c1867. 300 $a93 p. ;$c24 cm 651 4$aCuba$xStoria ecclesiastica.$0(OLS)http://pul/subject/25517 850 $aPUL 852 $aPUL$W1$xDP1 Antico 800$y27$m579 E 37$j93671$nBK-PRI$b $qStampati Antico$B93671$CPULBib$Z2$F93671 $H $81 941 1 $a15 996 $6245$aCarta pastoral que con motivo de la persecucion suscitada por los malos contra los derechos tmporales y espirituales de vicario de Jesucristo, y para exhortar á los fieles á que contribuyan al sosten de la Santa Sede$9(OLS)http://pul/title/95258 996 $6260$aHabana :$bImprenta y Libreria militar de M. Soler$9(OLS)http://pul/publisher/73950 LEADER 01234nam a2200313 u 4500 001 000000031252 003 CaOOAMICUS 005 20070226112123.0 008 970930s1996 it b u000 u ita u 020 $a8839921168 035 $a10771033 040 $aPUL(R)$bita 041 1 $aita$heng 100 1 $aCraven, Toni.$0(OLS)http://pul/name/24995 240 10$aEzechiel, Daniel.$lItaliano.$0(OLS)http://pul/title/42959 245 10$aEzechiele, Daniele. 260 $aBrescia :$bEditrice Queriniana,$c1996. 300 $a203 p. ;$c21 cm 490 1 $aLa bibbia per tutti ;$v16 730 0 $aBiblia.$pV.T.$pEzechiel.$lItaliano.$0(OLS)http://pul/title/12190 730 0 $aBiblia.$pV.T.$pDaniel.$lItaliano.$0(OLS)http://pul/title/42960 830 3$aLa bibbia per tutti (Queriniana) ;$v16.$0(OLS)http://pul/title/42921 850 $aPUL 852 $aPUL$W1$xSL Religione 1$y3$m7(1) B 37$j43181$nBK-PRI$b $qStampati$B43181$CPULBib$Z2$F43181 $H $81 941 1 $a8 961 $aINV: 74713 996 $6020$a8839921168$9(OLS)http://pul/number/39204 996 $6245$aEzechiele, Daniele$9(OLS)http://pul/title/42950 996 $6260$aBrescia :$bEditrice Queriniana$9(OLS)http://pul/publisher/58091